Las poblaciones de la Prehistoria reciente (VI0-II0 milenio a.n.e.) en la Campiña Litoral y Banda Atlántica de Cádiz : un análisis a través de la antropología física y la arqueología /
Saved in:
| Main Author: | |
|---|---|
| Format: | Book |
| Language: | Spanish |
| Published: |
Oxford :
BAR Publishing ,
2017.
|
| Series: | BAR international series ;
2867. |
| Subjects: | |
| Tags: |
Add Tag
No Tags, Be the first to tag this record!
|
| LEADER | 01958cam a2200469Ii 4500 | ||
|---|---|---|---|
| 001 | 13035546 | ||
| 005 | 20180219162132.0 | ||
| 008 | 170926t20172017enkab b 000 0 spa d | ||
| 020 | |a 1407316184 |q paperback | ||
| 020 | |a 9781407316185 |q paperback | ||
| 035 | |a (OCoLC)on1010333960 | ||
| 035 | |a (OCoLC)1010333960 | ||
| 035 | |a (NNC)13035546 | ||
| 040 | |a YDX |b eng |e rda |c YDX |d TXA |d OCLCO |d OCLCF | ||
| 041 | 0 | |a spa |b eng | |
| 050 | 4 | |a GN835 |b .M67 2017 | |
| 082 | 0 | 4 | |a 936.6 |2 23 |
| 100 | 1 | |a Moreno Márquez, Adolfo, |e author. | |
| 245 | 1 | 4 | |a Las poblaciones de la Prehistoria reciente (VI0-II0 milenio a.n.e.) en la Campiña Litoral y Banda Atlántica de Cádiz : |b un análisis a través de la antropología física y la arqueología / |c Adolfo Moreno-Márquez. |
| 264 | 1 | |a Oxford : |b BAR Publishing , |c 2017. | |
| 264 | 4 | |c ©2017 | |
| 300 | |a xii, 67 pages : |b color illustrations, color maps ; |c 30 cm. | ||
| 336 | |a text |b txt |2 rdacontent | ||
| 336 | |a still image |b sti |2 rdacontent | ||
| 336 | |a cartographic image |b cri |2 rdacontent | ||
| 337 | |a unmediated |b n |2 rdamedia | ||
| 338 | |a volume |b nc |2 rdacarrier | ||
| 490 | 1 | |a BAR international series ; |v 2867 | |
| 504 | |a Includes bibliographical references. | ||
| 650 | 0 | |a Prehistoric peoples |z Spain, Southern. | |
| 650 | 0 | |a Funeral rites and ceremonies |z Spain, Southern. | |
| 650 | 0 | |a Burial |z Spain, Southern. | |
| 650 | 0 | |a Excavations (Archaeology) |z Spain, Southern. | |
| 650 | 0 | |a Antiquities, Prehistoric |z Spain, Southern. | |
| 650 | 7 | |a Antiquities, Prehistoric. |2 fast |0 (OCoLC)fst00810762 | |
| 650 | 7 | |a Burial. |2 fast |0 (OCoLC)fst00841751 | |
| 650 | 7 | |a Excavations (Archaeology) |2 fast |0 (OCoLC)fst00917564 | |
| 650 | 7 | |a Funeral rites and ceremonies. |2 fast |0 (OCoLC)fst00936223 | |
| 650 | 7 | |a Prehistoric peoples. |2 fast |0 (OCoLC)fst01075242 | |
| 651 | 7 | |a Spain, Southern. |2 fast |0 (OCoLC)fst01692651 | |
| 830 | 0 | |a BAR international series ; |v 2867. | |
| 852 | 8 | 0 | |b off,ave |h AA963 |i B7684 no.2867 |


